Scientific bulletin. Series D, Mining, mineral processing, non-ferrous metallurgy, geology and environmental engineering

Detalles Bibliográficos
Título anterior:Buletin ştiinţific - Universitatea de Nord din Baia Mare. Seria D, Exploatări miniere, prepararea substanţelor minerale utile, geologie şi ingineria mediului
Formato: Electrónico Revista
Lenguaje:inglés
Publicado: Baia Mare, Romania : North University of Baia Mare
Materias:
Acceso en línea:Full text available from Research Library: 01/01/2009 to present

MARC

LEADER 00000nas a2200000 i 4500
001 ssj0001077911
003 WaSeSS
005 20200512172242.0
006 m d
007 cr n
008 140108u20uuuuuurm f| p|s|||||| |0eng d
035 |a (WaSeSS)ssj0001077911 
040 |a WaSeSS  |b eng  |c WaSeSS  |d WaSeSS 
050 1 4 |a HD9506.A1 
245 0 0 |a Scientific bulletin.  |n Series D,  |p Mining, mineral processing, non-ferrous metallurgy, geology and environmental engineering  |h [electronic resource]. 
260 |a Baia Mare, Romania :  |b North University of Baia Mare 
310 |a Semiannual 
506 |a License restrictions may limit access. 
588 |a Description based on: Volume 23 (2009); title from title screen (ProQuest, viewed Jan. 8, 2014). 
588 |a Latest issue consulted: Volume 26 (2) (2012) (viewed Jan. 8, 2014). 
650 0 |a Mineral industries  |v Periodicals. 
655 0 |a Electronic journals. 
776 0 8 |i Print version:  |t Scientific bulletin. Series D, Mining, mineral processing, non-ferrous metallurgy, geology and environmental engineering  |x 1582-0548 
780 1 0 |t Buletin ştiinţific - Universitatea de Nord din Baia Mare. Seria D, Exploatări miniere, prepararea substanţelor minerale utile, geologie şi ingineria mediului  |x 1224-8029 
856 4 0 |z Full text available from Research Library: 01/01/2009 to present  |u https://search.proquest.com/publication/376316